| 000 | 01318cam a22003254i 4500 | ||
|---|---|---|---|
| 003 | PE-LiUPU | ||
| 005 | 20221116115931.0 | ||
| 008 | 150617s19?? ag r 000 0 spa d | ||
| 020 | _a9788430112890 | ||
| 040 |
_aPE-LiUPU _bspa _cPE-LiUPU _dPE-LiUPU _erda |
||
| 049 | _aPRUA | ||
| 082 | 0 | 4 |
_a296.09014 _bS61 _221 |
| 100 |
_aMaier, Johann. _eautor. _9593 |
||
| 245 | 1 | 0 |
_aEntre los dos testamentos : _bhistoria y religión en la época del segundo templo / _cJohann Maier. |
| 264 | 1 |
_aSalamanca : _bEdiciones Sígueme, _c1996. |
|
| 300 |
_a365 páginas ; _c21 cm. |
||
| 336 |
_atext _2rdacontent |
||
| 337 |
_aunmediated _2rdamedia |
||
| 338 |
_avolume _2rdacarrier |
||
| 490 |
_aBiblioteca de estudios bíblicos. _v89 |
||
| 504 | _aNotas bibliográficas al pie de algunas páginas. | ||
| 505 | 0 | _a¿Qué es el espacio intertestamentario? -- El período persa -- Las lenguas -- Las fuents -- El período helenístico-romano -- Dios, el mundo y el pueblo de Dios -- Grupos, direcciones, tendencias. | |
| 650 | 0 |
_9594 _aJudíos. _xHistoria. _y586 a.C.- 70 d.C. |
|
| 650 | 0 |
_9595 _aJudaísmo. _xHistoria. _y586 a C. - 70 d.C. |
|
| 651 |
_aIsrael _xHistoria. |
||
| 910 | _ajck | ||
| 942 |
_2ddc _cBOOK |
||
| 999 |
_c61615 _d61615 |
||
| 980 |
_618226 _aJaime Vilcazán Jefe de Análisis Documental _818226 _gJaime Vilcazán Jefe de Análisis Documental |
||